| 000 | 00849nam a22002057a 4500 | ||
|---|---|---|---|
| 005 | 20100723105238.0 | ||
| 010 | _aENG-96589 | ||
| 020 |
_a9788179860736 _c495.00 |
||
| 035 | _aEN-80122 | ||
| 037 | _bDBAD/PUB | ||
| 082 | _a302.230954 | ||
| 100 | _aThukral, Gobind | ||
| 245 |
_aTroubled reflections :reporting violence : _bmedia's symbiotic relationship with violence ethnic violence,terrorism and war/ _cby Gobind Thukral |
||
| 260 |
_aShimla _bIndian Institute of Advance Study _c2009 |
||
| 270 |
_aRashtrapati Nivas,Shimla _bShimla |
||
| 300 |
_a214p. _c23cm.(Hb) |
||
| 500 | _aInculdes bibliographical references and index | ||
| 942 |
_2ddc _cEN _mTHU _h302.230954 |
||
| 999 |
_c37307 _d37307 |
||